000 00409nam a2200145Ia 4500
008 100204s9999 xx 000 0 und d
082 _b22772
100 _aनंदा गुलशन
245 _aमाधवी
260 _b"अशोक पॉकेट बुक्स, दिल्ली"
_c14
300 _a178
630 _aमाधवी
730 _aमाधवी
942 _cBOOK
999 _c467873
_d467870